تبصرے اور تنقیدیں (Record no. 1410165)
[ view plain ]
| 000 -LEADER | |
|---|---|
| fixed length control field | 01482nam a2200409 a 4500 |
| 001 - CONTROL NUMBER | |
| control field | vtls001988672 |
| 003 - CONTROL NUMBER IDENTIFIER | |
| control field | NLI |
| 005 - DATE AND TIME OF LATEST TRANSACTION | |
| control field | 20210630141045.0 |
| 008 - FIXED-LENGTH DATA ELEMENTS--GENERAL INFORMATION | |
| fixed length control field | 180402s2014 ii g f 000 e urd d |
| 020 ## - INTERNATIONAL STANDARD BOOK NUMBER | |
| International Standard Book Number | 9788189964986 |
| Terms of availability | Rs. 175.00 |
| 039 #9 - LEVEL OF BIBLIOGRAPHIC CONTROL AND CODING DETAIL [OBSOLETE] | |
| -- | 201804021322 |
| -- | wasima |
| 040 ## - CATALOGING SOURCE | |
| Original cataloging agency | NLI |
| Language of cataloging | urd |
| Transcribing agency | Urdu Division |
| Description conventions | AACR2 |
| 041 0# - LANGUAGE CODE | |
| Language code of text/sound track or separate title | urd |
| 044 ## - COUNTRY OF PUBLISHING/PRODUCING ENTITY CODE | |
| MARC country code | ii |
| 082 04 - DEWEY DECIMAL CLASSIFICATION NUMBER | |
| Classification number | 891.439 |
| Edition number | 22 |
| 100 0# - MAIN ENTRY--PERSONAL NAME | |
| Linkage | 880-01 |
| Personal name | اوصاف احمد |
| Titles and words associated with a name | , ڈاکٹر |
| 245 1# - TITLE STATEMENT | |
| Linkage | 880-02 |
| Title | تبصرے اور تنقیدیں |
| Statement of responsibility, etc. | /ڈاکٹر اوصاف احمد |
| 260 ## - PUBLICATION, DISTRIBUTION, ETC. | |
| Place of publication, distribution, etc. | New Delhi: |
| Name of publisher, distributor, etc. | Institute of Objective Studies, |
| Date of publication, distribution, etc. | 2014. |
| 300 ## - PHYSICAL DESCRIPTION | |
| Extent | 240p. |
| Dimensions | 22 cm. |
| 650 #0 - SUBJECT ADDED ENTRY--TOPICAL TERM | |
| Topical term or geographic name entry element | Urdu literature |
| General subdivision | collection |
| -- | 20th century |
| Chronological subdivision | History and criticism |
| 9 (RLIN) | 828244 |
| 650 #0 - SUBJECT ADDED ENTRY--TOPICAL TERM | |
| Topical term or geographic name entry element | Urdu essays |
| General subdivision | collection |
| -- | Biography |
| Chronological subdivision | 19th century |
| General subdivision | History and criticism |
| 9 (RLIN) | 1328543 |
| 650 #0 - SUBJECT ADDED ENTRY--TOPICAL TERM | |
| Topical term or geographic name entry element | Islamic literature,urdu |
| General subdivision | Islam |
| Chronological subdivision | Interpretation and criticism |
| 9 (RLIN) | 1331447 |
| 700 0# - ADDED ENTRY--PERSONAL NAME | |
| Linkage | 880-03(B |
| 700 0# - ADDED ENTRY--PERSONAL NAME | |
| Linkage | 880-04(B |
| 880 #0 - ALTERNATE GRAPHIC REPRESENTATION | |
| Linkage | 100-01/(B |
| a | Ausaf Ahmad |
| c | ,Dr. |
| 880 #1 - ALTERNATE GRAPHIC REPRESENTATION | |
| Linkage | 245-02(B |
| a | Tabsare aur tanqeeden |
| c | /Dr. Ausaf Ahmad |
| 880 #0 - ALTERNATE GRAPHIC REPRESENTATION | |
| Linkage | 700-03(B |
| 880 #0 - ALTERNATE GRAPHIC REPRESENTATION | |
| Linkage | 700-04(B |
| 887 ## - NON-MARC INFORMATION FIELD | |
| Content of non-MARC field | wasim |
| 901 ## - LOCAL DATA ELEMENT A, LDA (RLIN) | |
| a | 31285 |
| b | 26.02.2014 |
| 902 ## - LOCAL DATA ELEMENT B, LDB (RLIN) | |
| a | U 891.4394 A 918 ta |
| 904 ## - LOCAL DATA ELEMENT D, LDD (RLIN) | |
| a | wasim |
| 949 ## - LOCAL PROCESSING INFORMATION (OCLC) | |
| -- | VIRTUAITEM |
| -- | 10022 |
| -- | 100 |
| 6 | DBA000031285URD |
| e | 31285. |
| 942 ## - ADDED ENTRY ELEMENTS (KOHA) | |
| Source of classification or shelving scheme | Dewey Decimal Classification |
| Koha item type | Books |
| Withdrawn status | Lost status | Damaged status | Not for loan | Collection code | Home library | Current library | Shelving location | Date acquired | Total Checkouts | Full call number | Date last seen | Price effective from | Koha item type |
|---|---|---|---|---|---|---|---|---|---|---|---|---|---|
| Urdu | National Library of India | National Library of India | Urdu - Book - Main Stack Division | U 891.4394 A 918 ta | 30/06/2021 | 30/06/2021 | Books |
